Complex variables and the Laplace transform for engineers (Record no. 13856)

000 -LEADER
fixed length control field 00606nam a22002051 4500
001 - CONTROL NUMBER
control field 13856
003 - CONTROL NUMBER IDENTIFIER
control field BD-DhUET
008 - FIXED-LENGTH DATA ELEMENTS--GENERAL INFORMATION
fixed length control field 840622s1961 nyua b 000 0 eng
040 ## - CATALOGING SOURCE
Original cataloging agency DLC
Transcribing agency DLC
Modifying agency BD-DhUET
082 00 - DEWEY DECIMAL CLASSIFICATION NUMBER
Classification number 517.862
Item number LEP/1961
100 ## - MAIN ENTRY--PERSONAL NAME
Personal name LePage, Wilbur R.
245 10 - TITLE STATEMENT
Title Complex variables and the Laplace transform for engineers
250 ## - EDITION STATEMENT
Edition statement 1st ed.
260 ## - PUBLICATION, DISTRIBUTION, ETC. (IMPRINT)
Place of publication, distribution, etc. Bombay
Name of publisher, distributor, etc. McGraw-Hill
Date of publication, distribution, etc. 1961
300 ## - PHYSICAL DESCRIPTION
Extent xvi, 475 p.
Other physical details ill.
Dimensions 24 cm.
490 ## - SERIES STATEMENT
Series statement International series in pure and applied mathematics
504 ## - BIBLIOGRAPHY, ETC. NOTE
Bibliography, etc Includes bibliographies
650 #0 - SUBJECT ADDED ENTRY--TOPICAL TERM
Topical term or geographic name as entry element Calculus - Complex variables
942 ## - ADDED ENTRY ELEMENTS (KOHA)
Koha item type General Book
Holdings
Withdrawn status Copy number Koha normalized classification for sorting Not for loan Price effective from Damaged status Date acquired Source of classification or shelving scheme Shelving location Koha full call number Lost status Location (home branch) Koha item type Koha date last seen Sublocation or collection (holding branch) Piece designation (barcode)
 1517_862000000000000_LEP_1961 2015-03-05 2015-03-05 Circulation section517.862/LEP/1961 Central Library, BUETGeneral Book2015-03-05Central Library, BUET40116
 2517_862000000000000_LEP_1961 2015-03-05 2015-03-05 Circulation section517.862/LEP/1961 Central Library, BUETGeneral Book2015-03-05Central Library, BUET24385
 3517_862000000000000_LEP_1961 2015-03-07 2015-03-07 Circulation section517.862/LEP/1961 Central Library, BUETGeneral Book2015-03-07Central Library, BUET6374
 4517_862000000000000_LEP_1961 2015-03-07 2015-03-07 Circulation section517.862/LEP/1961 Central Library, BUETGeneral Book2015-03-07Central Library, BUET51027
 5517_862000000000000_LEP_1961 2015-03-07 2015-03-07 Circulation section517.862/LEP/1961 Central Library, BUETGeneral Book2015-03-07Central Library, BUET20963
 6517_862000000000000_LEP_1961 2015-03-07 2015-03-07 Circulation section517.862/LEP/1961 Central Library, BUETGeneral Book2015-03-07Central Library, BUET42659
 7517_862000000000000_LEP_1961 2015-03-07 2015-03-07 Circulation section517.862/LEP/1961 Central Library, BUETGeneral Book2015-03-07Central Library, BUET40115
 8517_862000000000000_LEP_1961 2015-03-07 2015-03-07 Circulation section517.862/LEP/1961 Central Library, BUETGeneral Book2015-03-07Central Library, BUET39671
 9517_862000000000000_LEP_1961 2015-03-07 2015-03-07 Circulation section517.862/LEP/1961 Central Library, BUETGeneral Book2015-03-07Central Library, BUET39670
 10517_862000000000000_LEP_1961 2015-03-07 2015-03-07 Circulation section517.862/LEP/1961 Central Library, BUETGeneral Book2015-03-07Central Library, BUET42660
 11517_862000000000000_LEP_1961 2015-03-09 2015-03-09 Circulation section517.862/LEP/1961 Central Library, BUETGeneral Book2015-03-09Central Library, BUET42661
 12517_862000000000000_LEP_1961 2015-03-09 2015-03-09 Circulation section517.862/LEP/1961 Central Library, BUETGeneral Book2015-03-09Central Library, BUET51026
 13517_862000000000000_LEP_1961 2015-05-03 2015-05-03 Circulation section517.862/LEP/1961 Central Library, BUETGeneral Book2015-05-03Central Library, BUET2039
 14517_862000000000000_LEP_1961 2015-05-03 2015-05-03 Circulation section517.862/LEP/1961 Central Library, BUETGeneral Book2015-05-03Central Library, BUET6375
 15517_862000000000000_LEP_1961 2015-05-03 2015-05-03 Circulation section517.862/LEP/1961 Central Library, BUETGeneral Book2015-05-03Central Library, BUET2041
 16517_862000000000000_LEP_1961 2015-05-03 2015-05-03 Circulation section517.862/LEP/1961 Central Library, BUETGeneral Book2015-05-03Central Library, BUET2040